000 01312cam a22003617a 4500
003 CHAP
005 20220329142629.0
008 010920d2001 mx r 00110 spa d
010 _a85881
011 _a86853
035 _a97393
040 _cCHAP
090 _aTesis
100 0 0 _aRuíz Ayala, José Alfredo.
_9100868
245 1 0 _aAnálisis del minifundio en la agricultura periurbana :
_bcaso municipio de Chiautla, Estado de México
_c/por José Alfredo Ruiz Ayala
260 _aChapingo, Méx. :
_bEl autor,
_c2002.
300 _a106 h. ;
_bcuadros ; gráfs.
502 _aTesis (Ing. en Agroecología) -- UACH. Departamento de Agroecología
590 _aALEPH
_b10
_c20130110
_lUCH01
_h1447
590 _aBATCH-UPD
_b10
_c20130110
_lUCH01
_h0811
590 _aBATCH-UPD
_b10
_c20130410
_lUCH01
_h0448
590 _aBATCH-UPD
_b10
_c20130914
_lUCH01
_h2011
590 _aCONVERSION
_b10
_c20130109
_lUCH01
_h1348
650 1 4 _aAgricultura
_zMexico (Edo.).
_91934
650 1 4 _aSuelos agrícolas.
_9110531
650 1 4 _aTierras
_xUtilización.
_9113219
650 1 4 _aUrbanismo
_zMéxico (Edo.).
_9116852
901 _aBK
905 _aAlejandra Carrasco M.
942 _cFOLL
949 _aTesis
_bBC
_cTES
_d33724000867636
_eTS2
_fc.2
_h39450
_i97393
_si
949 _aTesis
_bBC
_cTES
_d973931
_eTS1
_h39449
_i97393
_sb
999 _c85881
_d85881